000 00639nam a22001937a 4500
003 OSt
005 20260410080554.0
008 260410b |||||||| |||| 00| 0 eng d
020 _a0-321-26358-8.
040 _aOC
_cDWC-Main Lib
082 _aCirc. 004.6 H196c 2005
100 _aHalsall, F.
245 _aComputer networking and the internet
_cHalsall, Fred
260 _aEngland :
_b Pearson Educationlimited,
_cc2005.
300 _axxv, 803 pages :
_b illustrated;
_c23 cm.
650 _a1. Computer networks.
650 _a2. Internet.
942 _2ddc
_cBK-CIRC
_hCirc. 004.6 H196c 2005
_kCirc.
_n0
999 _c9358
_d9358